000 00912nam a22002417a 4500
005 20150903121703.0
010 _aENG-113523
020 _c3000.00
_a9788177421309
035 _aEN- 97055
037 _bDBAD/PUB
082 _a306.09598
100 _aLokesh Chandra
245 _aLord Śiva and Buddha in the golden isles :
_cby Lokesh chandra
_bin search of classical Indonesia /
260 _aNew Delhi
_bInternational Academy of Indian Culture and Aditya Prakashan
_c2013
270 _a2/18, Ansari Road
_bNew Delhi
_e110002
300 _a417p. :
_c29cm(Hb)
_bill.(some col.)
490 _a Śata-piṭaka series ; v. 642
500 _a Includes bibliographical references (pages 404-409) and index.
650 _aBuddhist art and symbolism
_zIndonesia
_xHistory.
650 _a Buddhist temples
_zIndonesia.
650 _a Javanese literature.
942 _2ddc
_cEN
_mLOK
_h306.09598
999 _c95035
_d95035